Pokémon 3G (dans l'ordre) - Statistiques

Statistiques générales
  • Ce quiz a été pris 33 fois
  • Le résultat moyen est 54 sur 135
Statistiques - réponses
Hint Réponse % Correct
252 Arcko
100%
253 Massko
100%
257 Braségali
88%
259 Flobio
88%
256 Galifeu
88%
258 Gobou
88%
254 Jungko
88%
260 Laggron
88%
255 Poussifeu
88%
266 Armulys
75%
267 Charmillon
75%
265 Chenipotte
75%
264 Linéon
75%
263 Zigzaton
75%
285 Balignon
63%
268 Blindalys
63%
286 Chapignon
63%
282 Gardevoir
63%
262 Grahyèna
63%
281 Kirlia
63%
261 Medhyèna
63%
269 Papinox
63%
280 Tarsal
63%
283 Arakdo
50%
279 Bekipan
50%
295 Brouhabam
50%
308 Charmina
50%
293 Chuchmur
50%
301 Delcatty
50%
305 Galegon
50%
304 Galekid
50%
306 Galeking
50%
278 Goélise
50%
273 Grainipiot
50%
297 Hariyama
50%
277 Hélédelle
50%
271 Lombre
50%
272 Ludicolo
50%
296 Makuhita
50%
284 Maskadra
50%
307 Méditikka
50%
289 Monaflèmit
50%
292 Munja
50%
303 Mysdibule
50%
270 Nénupiot
50%
290 Ningale
50%
291 Ninjask
50%
276 Nirondelle
50%
287 Parecool
50%
274 Pifeuil
50%
294 Ramboum
50%
300 Skitty
50%
299 Tarinor
50%
302 Ténéfix
50%
275 Tengalice
50%
288 Vigoroth
50%
334 Altaria
38%
317 Avaltout
38%
298 Azurill
38%
331 Cacnea
38%
332 Cacturne
38%
323 Camérupt
38%
318 Carvanha
38%
322 Chamallot
38%
309 Dynavolt
38%
310 Elecsprint
38%
316 Gloupti
38%
326 Groret
38%
328 Kraknoix
38%
330 Libégon
38%
314 Lumivole
38%
335 Mangriff
38%
313 Muciole
38%
312 Négapi
38%
311 Posipi
38%
336 Séviper
38%
319 Sharpedo
38%
327 Spinda
38%
325 Spoink
38%
333 Tylton
38%
329 Vibraninf
38%
320 Wailmer
38%
321 Wailord
38%
359 Absol
25%
347 Anorith
25%
348 Armaldo
25%
343 Balbuto
25%
340 Barbicha
25%
339 Barloche
25%
324 Chartor
25%
342 Colhomard
25%
386 Deoxys
25%
371 Draby
25%
372 Drackhaus
25%
373 Drattak
25%
341 Ecrapince
25%
383 Groudon
25%
385 Jirachi
25%
344 Kaorine
25%
382 Kyogre
25%
380 Latias
25%
381 Latios
25%
345 Lilia
25%
376 Métalosse
25%
375 Métang
25%
384 Rayquaza
25%
315 Rosélia
25%
337 Séléroc
25%
338 Solaroc
25%
374 Terhal
25%
357 Tropius
25%
346 Vacilys
25%
349 Barpau
13%
354 Branette
13%
366 Coquiperl
13%
358 Eoko
13%
365 Kaimorse
13%
352 Kecleon
13%
370 Lovdisc
13%
350 Milobellus
13%
351 Morphéo
13%
363 Obalie
13%
360 Okéoké
13%
362 Oniglali
13%
364 Phogleur
13%
353 Polichombr
13%
378 Regice
13%
377 Regirock
13%
379 Registeel
13%
369 Relicanth
13%
368 Rosabyss
13%
367 Serpang
13%
355 Skelénox
13%
361 Stalgamin
13%
356 Téraclope
13%
Aucun quiz correspondant
Distribution des résultats
% des personnes avec chaque résultat
Percentile par nombre de réponses
Votre historique - résultats
Vous n’avez pas pris ce quiz